Aids : mangsa kejahatan
| Main Author: | |
|---|---|
| Format: | Book |
| Published: |
Batu Caves :
Pustaka Wira ,
1992
|
| Subjects: |
MARC
| LEADER | 00000cam a2200000 7i4500 | ||
|---|---|---|---|
| 001 | 0000004525 | ||
| 002 | 000004880 | ||
| 005 | 20000330.0 | ||
| 020 | |a 9838560022 | ||
| 090 | 0 | 0 | |a 362.1969792 |b AMI |
| 100 | 0 | |a Aminuddin Ahmad | |
| 245 | 0 | 0 | |a Aids : |b mangsa kejahatan |c Aminuddin Ahmad |
| 260 | |a Batu Caves : |b Pustaka Wira , |c 1992 | ||
| 300 | |a 154p. ; |c 20cm. | ||
| 650 | 0 | 0 | |a AIDS (Disease) |
| 999 | |a 034610 |b BUKU |c PINJAMAN |e PERPUSTAKAAN KOMUNITI PETALING JAYA | ||
| 999 | |a 034611 |b BUKU |c PINJAMAN |e PERPUSTAKAAN KOMUNITI PETALING JAYA | ||